Socio-economic impacts of population change and development at household and community levels : a case study in Selangor Darul Ehsan /
Saved in:
| Main Author: | |
|---|---|
| Format: | Thesis Book |
| Language: | English |
| Published: |
Kuala Lumpur,
1992.
|
| Subjects: | |
| Tags: |
Add Tag
No Tags, Be the first to tag this record!
|
| LEADER | 01126cam a2200277 a 4500 | ||
|---|---|---|---|
| 001 | u306568 | ||
| 003 | SIRSI | ||
| 008 | 930115s1992 my t eng m | ||
| 035 | |a ABL-6819 | ||
| 040 | |a UMM | ||
| 043 | |a a-my--- | ||
| 090 | |a HB3644.6 |b S4Ng | ||
| 091 | |a Microfiche 12838 | ||
| 100 | 1 | 0 | |a Ng, Sor Tho. |
| 245 | 1 | 0 | |a Socio-economic impacts of population change and development at household and community levels : a case study in Selangor Darul Ehsan / |c Ng Sor Tho. |
| 260 | |a Kuala Lumpur, |c 1992. | ||
| 300 | |a xii, 158 leaves ; |c 27 cm. | ||
| 500 | |a Also available on microfiche. Kuala Lumpur : Perpustakaan Universiti Malaya, 1997. 2 fiches : negative ; 11x15 cm. | ||
| 502 | |a Dissertation (M.Ec.) -- Fakulti Ekonomi dan Pentadbiran, Universiti Malaya, 1993. | ||
| 651 | 0 | |a Selangor |x Population. | |
| 651 | 0 | |a Selangor |x Economic conditions. | |
| 651 | 0 | |a Selangor |x Social conditions. | |
| 710 | 2 | 0 | |a Universiti Malaya. |b Fakulti Ekonomi dan Pentadbiran. |
| 948 | |a 15/01/1993 |b 24/07/2002 | ||
| 596 | |a 1 | ||
| 999 | |a HB3644.6 S4NG |w LC |c 1 |i A011174197 |d 17/11/2016 |e 17/11/2016 |l STACKS |m P01UTAMA |n 15 |r Y |s Y |t TESIS |u 18/1/1993 | ||
